01038nam a2200193 a 4500008004100000020001800041050001700059100002100076245013200097260003600229300001400265650003900279650002800318700001900346995017900365995015000544999001700694952013300711180809s2009 ||||||||||||||||| || u a9781904364818 aHC 79.E5 Env aBlackman, Carter10aEnvironmental sustainability: responding to changes in the environment and climatecEdited by Rachel Blackman and Isabel Carter aTeddington, UK:bTearfundc2009 a96p.: ill aCLIMATIC CHANGES--ECONOMIC ASPECTS 0aSUSTAINABLE DEVELOPMENT aCarter, Isabel aKAPASA MAKASA LIBRARY OPEN ACCESSe748382FCBU-KAPASA MAKASA LIBRARY (Chinsali)jHC 79.E5 EnvM1UAVAILABLEWAug 15, 2018y748382ZKapasa Makasa Library Open Acess Collection aMAIN LIBRARY OPEN ACCESSe748498FCBU-MAIN LIBRARY (Kitwe)jHC 79.E5 EnvM2UAVAILABLEWAug 21, 2018y748498ZMain Library Open Access Collection c62764d62764 00102lcc4070a001b001cMain Library Open Access Collectiond2022-12-16l0oHC 79.E5 Envp748498r2022-12-16w2022-12-16y002